000 00594nam a2200181Ia 4500
008 090123s9999 xx 000 0 und d
082 _b33943
100 _aपोरे सुरेश
245 _aव्हिकी प्रेम अन शॉक
250 _a2
260 _bश्रीपाद प्रकाशन
_c2002
300 _a116
600 _aपोरे सुरेश
630 _aव्हिकी प्रेम अन शॉक
700 _aपोरे सुरेश
730 _aव्हिकी प्रेम अन शॉक
942 _cBOOK
999 _c71997
_d71997